000 01200cam a22002891i 4500
003 SA_RiAUC
003 SA-RiAUC
005 20251007115638.0
008 250723s1982____su g 000 0 ara c
040 _aSA-JeALM
_bara
_cSA-RiAUC
_erda
050 4 _b.A33 1982
082 0 4 _a243
_qSA-RiAUC
090 _a243
_b ا هـ د
100 1 _aالأهدل، محمد بن أحمد بن عبد الباري،
_d1241-1298 هجري
_eمؤلف.
245 1 0 _aإفادة الطلاب بأحكام القراءة على الموتى ووصول الثواب /
_cمحمد بن أحمد بن عبد الباري الأهدل. تحقيق وتنسيق حسين محمد مخلوف.
250 _aالطبعة الاولى.
264 1 _aالقاهرة :
_bمطبعة المدني،
_c1979
300 _a47 صفحة ؛
_c24 سم
336 _aنص
_btxt
_2rdacontent
_3كتاب
337 _aبدون وسيط
_bn
_2rdamedia
338 _aمجلد
_bnc
_2rdacarrier
650 7 _aالموت (إسلام)
_2aucsh
650 7 _aالثواب والعقاب (إسلام)
_2aucsh
700 _aمخلوف، حسين محمد
_eمحقق.
942 _2ddc
_cBOOK
_n0
949 _aSA-JeALM
_d250723
_uosman123
_n1
999 _c12445
_d12445